<?xml version="1.0" encoding="UTF-8"?>
<record
    xmlns:xsi="http://www.w3.org/2001/XMLSchema-instance"
    xsi:schemaLocation="http://www.loc.gov/MARC21/slim http://www.loc.gov/standards/marcxml/schema/MARC21slim.xsd"
    xmlns="http://www.loc.gov/MARC21/slim">

  <leader>00809nam a22002177a 4500</leader>
  <controlfield tag="005">20240530110339.0</controlfield>
  <controlfield tag="008">141028s2012    ua     gr|    000 0dara d</controlfield>
  <datafield tag="040" ind1=" " ind2=" ">
    <subfield code="a">EG-CaGPL</subfield>
  </datafield>
  <datafield tag="082" ind1="0" ind2="4">
    <subfield code="2">21</subfield>
    <subfield code="a">153.733\</subfield>
    <subfield code="b">&#x633; &#x645;</subfield>
  </datafield>
  <datafield tag="100" ind1="0" ind2=" ">
    <subfield code="a">&#x633;&#x644;&#x64A;&#x645;&#x627;&#x646; &#x639;&#x628;&#x62F;&#x627;&#x644;&#x648;&#x627;&#x62D;&#x62F; &#x64A;&#x648;&#x633;&#x641; &#x627;&#x628;&#x631;&#x627;&#x647;&#x64A;&#x645;</subfield>
  </datafield>
  <datafield tag="245" ind1="1" ind2=" ">
    <subfield code="a">&#x627;&#x644;&#x645;&#x62E; &#x648;&#x627;&#x636;&#x637;&#x631;&#x627;&#x628;&#x627;&#x62A; &#x627;&#x644;&#x627;&#x646;&#x62A;&#x628;&#x627;&#x647; :</subfield>
    <subfield code="b">&#x631;&#x624;&#x64A;&#x629; &#x641;&#x649; &#x627;&#x637;&#x627;&#x631; &#x639;&#x644;&#x645; &#x627;&#x644;&#x646;&#x641;&#x633; &#x627;&#x644;&#x639;&#x635;&#x628;&#x649; &#x627;&#x644;&#x645;&#x639;&#x631;&#x641;&#x649;</subfield>
  </datafield>
  <datafield tag="246" ind1=" " ind2=" ">
    <subfield code="a">Brain &amp; ADHD</subfield>
  </datafield>
  <datafield tag="260" ind1=" " ind2=" ">
    <subfield code="a">&#x627;&#x644;&#x627;&#x633;&#x643;&#x646;&#x62F;&#x631;&#x64A;&#x629; :</subfield>
    <subfield code="b">&#x62F;&#x627;&#x631; &#x627;&#x644;&#x62C;&#x627;&#x645;&#x639;&#x629; &#x627;&#x644;&#x62C;&#x62F;&#x64A;&#x62F;&#x629; &#x60C;</subfield>
    <subfield code="c">2012</subfield>
  </datafield>
  <datafield tag="300" ind1=" " ind2=" ">
    <subfield code="a">234 &#x635; &#x61B;</subfield>
    <subfield code="c">24 &#x633;&#x645;</subfield>
  </datafield>
  <datafield tag="650" ind1="0" ind2="4">
    <subfield code="a">&#x627;&#x644;&#x627;&#x646;&#x62A;&#x628;&#x627;&#x647;</subfield>
    <subfield code="x">&#x639;&#x644;&#x645; &#x627;&#x644;&#x646;&#x641;&#x633;</subfield>
  </datafield>
  <datafield tag="650" ind1="0" ind2="4">
    <subfield code="a">&#x627;&#x644;&#x627;&#x631;&#x647;&#x627;&#x642; &#x627;&#x644;&#x632;&#x647;&#x646;&#x649;</subfield>
  </datafield>
  <datafield tag="650" ind1="0" ind2="4">
    <subfield code="a">&#x627;&#x644;&#x62A;&#x631;&#x643;&#x64A;&#x632;</subfield>
  </datafield>
  <datafield tag="650" ind1="0" ind2="4">
    <subfield code="a">&#x627;&#x644;&#x627;&#x646;&#x62A;&#x628;&#x627;&#x647;</subfield>
    <subfield code="x">&#x627;&#x636;&#x637;&#x631;&#x627;&#x628;&#x627;&#x62A;</subfield>
  </datafield>
  <datafield tag="942" ind1=" " ind2=" ">
    <subfield code="2">ddc</subfield>
    <subfield code="c">BK</subfield>
  </datafield>
  <datafield tag="999" ind1=" " ind2=" ">
    <subfield code="c">59849</subfield>
    <subfield code="d">59849</subfield>
  </datafield>
  <datafield tag="952" ind1=" " ind2=" ">
    <subfield code="0">0</subfield>
    <subfield code="1">0</subfield>
    <subfield code="4">0</subfield>
    <subfield code="7">0</subfield>
    <subfield code="a">CAI</subfield>
    <subfield code="b">CAI</subfield>
    <subfield code="d">2014-10-28</subfield>
    <subfield code="l">0</subfield>
    <subfield code="o">153.733\ &#x633; &#x645;</subfield>
    <subfield code="p">158805</subfield>
    <subfield code="r">2014-10-28 00:00:00</subfield>
    <subfield code="w">2014-10-28</subfield>
    <subfield code="y">BK</subfield>
  </datafield>
</record>
